White teacher in a black school.

Bibliographic Details
Main Author: Kendall, Robert
Format: Book
Language:English
Published: New York : Devin-Adair, [1964]
Subjects:

MARC

Tag First Indicator Second Indicator Subfields
LEADER 00000cam a22000001 4500
001 in00000194521
005 20151009051538.0
008 711216s1964 nyu 00000 eng d
010 |a  64023748  
035 |a (OCoLC)00188430 
035 |9 AAV6346AM 
040 |a DLC  |c DLC  |d TXA  |d UtOrBLW 
043 |a n-us-ca 
049 |a TXAM  |c [529280] 
050 0 0 |a LC2803.L6  |b K4 
082 0 |a 370.19 
100 1 |a Kendall, Robert. 
245 1 0 |a White teacher in a black school. 
264 1 |a New York :  |b Devin-Adair,  |c [1964] 
300 |a 241 pages ;  |c 21 cm. 
336 |a text  |b txt  |2 rdacontent 
337 |a unmediated  |b n  |2 rdamedia 
338 |a volume  |b nc  |2 rdacarrier 
650 0 |a African Americans  |x Education  |z California  |z Los Angeles. 
650 0 |a Teachers  |v Biography. 
999 |a MARS 
999 f f |s 63d2ad88-145b-3c87-92e3-1b5fcfcb12be  |i f7f84707-cde4-3a3c-8ec9-ffcd45004cc2  |t 0 
952 f f |p normal  |a Texas A&M University  |b College Station  |c Sterling C. Evans Library  |d Evans: Library Stacks  |t 0  |e LC2803.L6 K4  |h Library of Congress classification  |i unmediated -- volume  |m A14824038022 
998 f f |a LC2803.L6 K4  |t 0  |l Evans: Library Stacks